Представление документа в формате MARC21

ПолеНазваниеЗначение
  Тип записи a
  Библиографический уровень m
001 Контрольный номер BIBLIOCLUB\0000611325
005 Дата корректировки 20220829112826.9
006 m o d
007 Элементы данных для физической характеристики c|||||||||||||
008 Кодируемые данные s2019 rus o rus d
020 Индекс ISBN __
a ISBN 978-5-9765-2812-3
041 Код языка издания 0_
a Код языка текста rus
084 Индекс другой классификации/Индекс ББК __
a Индекс другой классификации/Индекс ББК 81.0
b Номер единицы LBC/PL
2 Источник индекса rubbk
100 Автор 1_
a Автор Арнольд И. В.
245 Заглавие 10
a Заглавие Семантика. Стилистика. Интертекстуальность
b Продолж. заглавия сборник научных трудов
c Ответственность И. В. Арнольд
c Ответственность науч. ред. П. Е. Бухаркин
260 Выходные данные __
a Место издания Москва
b Издательство ФЛИНТА
c Дата издания 2019
300 Физическое описание __
a Объем 448 с.
490 Серия 1_
a Заглавие серии Стилистическое наследие
830 Заголовок добавочной библ.записи на серию - унифицированное заглавие _0
a Унифицированное заглавие Стилистическое наследие
856 Электронный адрес документа 40
3 Область применения данных поля Университетская библиотека ONLINE
u URL https://biblioclub.ru/index.php?page=book&id=611325